书目信息 |
| 题名: |
管道涂装涂层保护技术
|
|
| 作者: | 乔军平 编著 | |
| 分册: | ||
| 出版信息: | 北京 化学工业出版社 2025.03 |
|
| 页数: | 454页 | |
| 开本: | 24cm | |
| 丛书名: | ||
| 单 册: | ||
| 中图分类: | U177.2 | |
| 科图分类: | ||
| 主题词: | 长输管道--chang shu guan dao--涂装工艺--涂层保护 | |
| 电子资源: | ||
| ISBN: | 978-7-122-46679-2 | |
| 000 | 01223nam0 2200265 450 | |
| 001 | 90430 | |
| 005 | 20250815183858.02 | |
| 010 | @a978-7-122-46679-2@dCNY198.00 | |
| 100 | @a20250206d2025 em y0chiy50 ea | |
| 101 | 0 | @achi |
| 102 | @aCN@b110000 | |
| 105 | @aak a 000yy | |
| 106 | @ar | |
| 200 | 1 | @a管道涂装涂层保护技术@Aguan dao tu zhuang tu ceng bao hu ji shu@d= Coating technology of pipeline@f乔军平编著@zeng |
| 210 | @a北京@c化学工业出版社@d2025.03 | |
| 215 | @a454页@c图@d24cm | |
| 314 | @a乔军平, 教授级高级工程师, 现就职于天华化工机械及自动化研究设计院有限公司。 | |
| 320 | @a有书目 | |
| 330 | @a本书主要介绍长输管道内、外涂层的主要类型和相关成型工艺, 包括防腐层涂层、内防腐涂层以及保温管道涂层等 ; 对聚氨酯保温管最新的喷涂缠绕成型技术、钢质弯管3PE涂层成型技术以及多层粉末涂层 (HPCC) 成型技术也进行了介绍 ; 同时也介绍了管道涂层补口和管道涂层失效与维护等相关内容, 以期使相关专业技术人员对不同类型涂层的成型工艺、涂层类型、相关设备有一个大致了解。 | |
| 510 | 1 | @aCoating technology of pipeline@zeng |
| 606 | 0 | @a长输管道@Achang shu guan dao@x涂装工艺@x涂层保护 |
| 690 | @aU177.2@v5 | |
| 701 | 0 | @a乔军平@Aqiao jun ping@4编著 |
| 801 | 0 | @aCN@c20250909 |
| 905 | @a河南城建学院图书馆@dU177.2@eQ320@f1 | |
| 管道涂装涂层保护技术= Coating technology of pipeline/乔军平编著.-北京:化学工业出版社,2025.03 |
| 454页:图;24cm |
| ISBN 978-7-122-46679-2:CNY198.00 |
| 本书主要介绍长输管道内、外涂层的主要类型和相关成型工艺, 包括防腐层涂层、内防腐涂层以及保温管道涂层等 ; 对聚氨酯保温管最新的喷涂缠绕成型技术、钢质弯管3PE涂层成型技术以及多层粉末涂层 (HPCC) 成型技术也进行了介绍 ; 同时也介绍了管道涂层补口和管道涂层失效与维护等相关内容, 以期使相关专业技术人员对不同类型涂层的成型工艺、涂层类型、相关设备有一个大致了解。 |
| ● |
| 相关链接 |
|
|
|
正题名:管道涂装涂层保护技术
索取号:U177.2/Q320
 
预约/预借
| 序号 | 登录号 | 条形码 | 馆藏地/架位号 | 状态 | 备注 |
| 1 | 1624392 | 216243928 | 自科库501/ [索取号:U177.2/Q320] | 在馆 |